| 000 | 00453nam a2200157 a 4500 | ||
|---|---|---|---|
| 005 | 20140412111244.0 | ||
| 008 | 010809s19uu xx 00 eng d | ||
| 050 |
_aM 158.1 _bP31 199? |
||
| 100 | _aPeale, Norman Vincent | ||
| 245 |
_aThe power of positive thinking / _cNorman Vincent Peale. |
||
| 260 |
_aNew York : _bCenter for Positive Thinking, _c199?. |
||
| 300 | _a54 p. | ||
| 650 | _aPositive thinking | ||
| 650 | _aPsychology | ||
| 999 |
_c102875 _d102875 |
||